00786nam a2200229 u 450000100070000000500170000700800410002403500110006503500210007604000130009704100080011008200080011810000470012624500420017326000730021530000180028865000340030665000190034094200090035999900190036895201690038767451520260506091541.0010715s1986 spa  a674515 a(OCoLC)777798170 ccomduadb aspa 4a92910aMesa Villegas, Adalberto4auteaut934307310aEpiscopologio de familias antioquenas aMedellín :bAcademia Colombiana de Historia Eclesiastica,c[1986]. a116 páginas aAntioquia - Genealogias97079 aApellidos9654 cBOOK c209261d209261 001040708ANTIOQUIAaBCbBCd2001-07-15eMaterial adquirido por donacióniC689572l0o929.386126 M578p61000002557250r2023-04-23 00:00:00t1w2023-04-23yBOOKI